00175nam a2200061Ia 4500008004100000100002300041245004900064120527s9999 xx 000 0 und d aPerreant &McCarthy aBasic Marketing: a global mangerial approach